000 00954cab a2200241 4500
001 ABS59484
008 090401t1998 xxu||||| |||| 00| 0 eng d
035 _a(Sirsi) u89281
041 _aeng
245 _aSpecial report: Infotech
260 _c1998
350 _a0
490 _aEstates Gazette
_v(9841) 10 Octobber 1998, 147-161(8)
520 _aSpecial IT report with articles on the 1998 Property Computer Show; how teleworking practices are benefiting property firms; and how any building that is reliant on technology may be affected by the year 2000 computer problem (includes checklist for purchasing year 2000 compliant property; leases and service charges).
650 _aBlock management
_96220
650 _aMILLENNIUM BUG
650 _aPROPERTY COMPUTER SHOW
650 _aTELEWORKING
650 _aYEAR 2000 COMPLIANCE
690 _aMANAGEMENT-BUSINESS MANAGEMENT-INFORMATION MANAGEMENT
942 _n0
948 _c27/10/1998
999 _c56462
_d56462